| 000 | 00523nam a2200181 a 4500 | ||
|---|---|---|---|
| 005 | 20240911063858.0 | ||
| 008 | 991125s1963 mx 000 0 spa u | ||
| 035 | _aUPN01000042405 | ||
| 049 | _aCG | ||
| 050 | 4 |
_aPQ7297 M67 _b02 1963 |
|
| 100 | 1 |
_aMora, José María Luis, _d1794-1850 |
|
| 245 | 1 | 0 |
_aObras sueltas de José María Luis Mora : _bciudadano mexicano. |
| 260 |
_aMéxico : _bPorrúa, _c1963. |
||
| 300 | _a775 p. | ||
| 440 | 0 |
_aBiblioteca Porrúa ; _v26 |
|
| 650 | 4 |
_aAutores mexicanos _94057 |
|
| 905 | _aLibro | ||
| 999 |
_c42405 _d42405 |
||